Formula 1 World Drivers' Championship - Second place - Statistics

General Stats
  • This quiz has been taken 466 times
    37 since last reset
  • The average score is 47 of 76
Answer Stats
Hint Answer % Correct
2022 Charles Leclerc
100%
2024 Lando Norris
100%
2021 Lewis Hamilton
100%
2025 Max Verstappen
100%
2023 Sergio Pérez
100%
2019 Valtteri Bottas
96%
2020 Valtteri Bottas
96%
2012 Fernando Alonso
92%
2013 Fernando Alonso
92%
2016 Lewis Hamilton
92%
2014 Nico Rosberg
92%
2015 Nico Rosberg
92%
2017 Sebastian Vettel
88%
2018 Sebastian Vettel
88%
2010 Fernando Alonso
84%
2008 Felipe Massa
80%
2011 Jenson Button
80%
2007 Lewis Hamilton
80%
2005 Kimi Räikkönen
76%
2006 Michael Schumacher
76%
2009 Sebastian Vettel
76%
2001 David Coulthard
72%
1999 Eddie Irvine
72%
2003 Kimi Räikkönen
72%
2000 Mika Häkkinen
72%
2002 Rubens Barrichello
72%
2004 Rubens Barrichello
72%
1990 Alain Prost
68%
1989 Ayrton Senna
68%
1994 Damon Hill
68%
1996 Jacques Villeneuve
68%
1950 Juan Manuel Fangio
68%
1998 Michael Schumacher
68%
1951 Alberto Ascari
64%
1993 Ayrton Senna
64%
1995 Damon Hill
64%
1952 Giuseppe Farina
64%
1997 Heinz-Harald Frentzen
64%
1988 Alain Prost
60%
1991 Nigel Mansell
60%
1976 Niki Lauda
60%
1984 Alain Prost
56%
1953 Juan Manuel Fangio
56%
1992 Riccardo Patrese
52%
1986 Nigel Mansell
48%
1987 Nigel Mansell
48%
1955 Stirling Moss
48%
1956 Stirling Moss
48%
1957 Stirling Moss
48%
1958 Stirling Moss
48%
1983 Alain Prost
44%
1981 Carlos Reutemann
44%
1982 Didier Pironi
44%
1973 Emerson Fittipaldi
44%
1963 Graham Hill
44%
1964 Graham Hill
44%
1965 Graham Hill
44%
1967 Jack Brabham
44%
1962 Jim Clark
44%
1966 John Surtees
44%
1954 José Froilán González
44%
1985 Michele Alboreto
44%
1974 Clay Regazzoni
40%
1975 Emerson Fittipaldi
40%
1968 Jackie Stewart
40%
1972 Jackie Stewart
40%
1970 Jacky Ickx
40%
1980 Nelson Piquet
40%
1977 Jody Scheckter
36%
1978 Ronnie Peterson
36%
1961 Wolfgang von Trips
36%
1960 Bruce McLaren
32%
1969 Jacky Ickx
32%
1959 Tony Brooks
32%
1979 Gilles Villeneuve
28%
1971 Ronnie Peterson
20%
No matching quizzes found
Score Distribution
Percent of People with Each Score
Percentile by Number Answered
Your Score History
You have not taken this quiz since the last reset